Comprensión y discurso: Del movimiento ocular al procesamiento cognitivo

Gardado en:
Detalles Bibliográficos
Main Authors: Acuña Luongo, Nicolás Vlado (Author), Bernales Pardo, Carolina Andrea (Author), Bello Viruega, Iria María (Author), Burdiles Fernández, Gina América (Author), Cara Jara, Michel (Author), Cárcamo Morales, Benjamín Esteban (Author), Castro Dávila, Ana Claudia (Author), Cruz Rubio, Adriana (Author), Chavarría Ortiz, Wendy (Author), Chávez, María Fernanda (Author), García Rojas, Abigail (Author), Medina Yáñez, Sofía (Author), Moreno-de León, Tomás Alfredo (Author), Moya Ortiz, Joaquín Antonio (Author), Nadal Sanchis, Laura (Author), Narváez García, Elisa (Author), Recio Fernández, Inés María (Author), Siles González, Ignacio (Author), Tapia Fuentes, Pablo (Author), Vergara Heidke, Adrián (Author)
Outros autores: Parodi Sweis, Giovanni Emmanuel (Editor), Julio Vergara, Cristóbal (Editor), Jarpa Azagra, Marcela Vanessa (autora), Loureda Lamas, Óscar (autor)
Formato: Libro
Idioma:inglés
Publicado: Valparaíso, Chile: Ediciones Universitarias de Valparaíso, 2020.
Subjects:
Tags: Engadir etiqueta
Sen Etiquetas, Sexa o primeiro en etiquetar este rexistro!

MARC

LEADER 00000nam a22000007a 4500
003 CL-VaPUC
005 20240513171806.0
008 201218b ||||| |||| 00| 0 eng d
999 |c 432377  |d 432375 
020 |a 978-956-17-0846-4 
040 |c Pontificia Universidad Católica de Valparaíso 
082 0 4 |a 372.47 PAR 2020 
100 |a Parodi Sweis, Giovanni Emmanuel  |e editor  |9 524641 
245 1 0 |a Comprensión y discurso: Del movimiento ocular al procesamiento cognitivo 
260 |a Valparaíso, Chile:  |b Ediciones Universitarias de Valparaíso,  |c 2020. 
300 |a 532 páginas 
500 |a c.FHP. Donación Fernando Vergara Biblioteca Budge. c.3-4. Donación Carolina Bernales.MEMO EDU/01- 3-4-2024. 
583 |c 20201218  |k Valeria Valenzuela 
650 1 0 |a Comprensión de lectura  |9 307588 
650 1 |a Movimiento ocular  |9 859006 
650 1 |a Procesamiento cognitivo  |9 859007 
650 1 |a Enseñanza de la lectura  |9 308364 
700 |a Julio Vergara, Cristóbal   |e editor  |9 858975 
700 |a Acuña Luongo, Nicolás Vlado  |e author  |9 858976 
700 |a Bernales Pardo, Carolina Andrea   |e author  |9 858977 
700 |a Bello Viruega, Iria María   |e author  |9 858978 
700 |a Burdiles Fernández, Gina América  |e author  |9 858979 
700 |a Cara Jara, Michel   |e author  |9 858980 
700 |a Cárcamo Morales, Benjamín Esteban  |e author  |9 858981 
700 |a Castro Dávila, Ana Claudia   |e author  |9 858982 
700 |a Cruz Rubio, Adriana   |e author  |9 858983 
700 |a Chavarría Ortiz, Wendy   |e author  |9 858984 
700 |a Chávez, María Fernanda  |e author  |9 858985 
700 |a García Rojas, Abigail   |e author  |9 858986 
700 |a Jarpa Azagra, Marcela Vanessa  |e autora  |9 838198 
700 |a Loureda Lamas, Óscar   |e autor  |9 858988 
700 |a Medina Yáñez, Sofía  |e author  |9 858989 
700 |a Moreno-de León, Tomás Alfredo   |e author  |9 858990 
700 |a Moya Ortiz, Joaquín Antonio   |e author  |9 858991 
700 |a Nadal Sanchis, Laura  |e author  |9 858992 
700 |a Narváez García, Elisa   |e author  |9 858993 
700 |a Recio Fernández, Inés María  |e author  |9 858994 
700 |a Siles González, Ignacio  |e author  |9 858995 
700 |a Tapia Fuentes, Pablo  |e author  |9 858996 
700 |a Vergara Heidke, Adrián  |e author  |9 858997 
852 |a BIBCUR 
942 |2 ddc  |c BK 
952 |0 0  |1 0  |2 ddc  |4 0  |6 372_470000000000000_PAR_2020  |7 0  |8 A  |9 577273  |a BIBEDU  |b BIBEDU  |c ES_NOD  |d 2020-12-28  |i 5619947  |o 372.47 PAR 2020  |p 5619947  |r 2023-08-09  |t 1  |w 2020-12-28  |y BK  |k LIT 
952 |0 0  |1 0  |2 ddc  |4 0  |6 372_470000000000000_PAR_2020  |7 0  |8 A  |9 577274  |a BIBEDU  |b BIBEDU  |c ES_NOD  |d 2020-12-28  |i 5619955  |o 372.47 PAR 2020  |p 5619955  |r 2023-08-09  |t 2  |w 2020-12-28  |y BK  |k CIT 
952 |0 0  |1 0  |2 ddc  |4 0  |6 372_470000000000000_PAR_2020  |7 0  |8 X  |9 587524  |a FDOBUD  |b FDOBUD  |d 2022-11-02  |e Donación  |i 5655421  |o 372.47 PAR 2020  |p 5655421  |r 2022-11-02  |w 2022-11-02  |y BK_X  |k FHP 
952 |0 0  |1 0  |2 ddc  |4 0  |6 372_470000000000000_PAR_2020  |7 0  |8 A  |9 594045  |a BIBEDU  |b BIBEDU  |d 2024-04-12  |e Donación   |i 5660667  |o 372.47 PAR 2020  |p 5660667  |r 2024-04-12  |t 4  |w 2024-04-12  |y BK  |k LIT 
952 |0 0  |1 0  |2 ddc  |4 0  |6 372_470000000000000_PAR_2020  |7 0  |8 A  |9 594046  |a BIBEDU  |b BIBEDU  |d 2024-04-12  |e Donación   |i 5660666  |o 372.47 PAR 2020  |p 5660666  |r 2024-04-12  |t 3  |w 2024-04-12  |y BK  |k LIT